000 00365nam a22001577a 4500
003 MPLRDC
005 20220104125055.0
008 210129b ||||| |||| 00| 0 eng d
082 _a857.9 GL-31 v.2
100 _a古龙
245 _a诸神岛. 二
_c
260 _a
_b武功出版社
_c
300 _b
650 _a武侠小说
942 _cBK
_o857.9 GL-31 v.2
999 _c24449
_d24439